Statistics for Largest Cities in IRAN by First Letter

Click here to take the quiz!

General Stats

  • This quiz has been taken 26 times
  • The average score is 9 of 23

Answer Stats

LetterPopulationCITY% Correct
T8,693,706Tehran
100%
I1,961,260Isfahan
86%
M3,001,184Mashhad
86%
S1,565,572Shiraz
76%
Q1,201,158Qom
76%
K1,592,492Karaj
62%
A1,184,788Ahvaz
57%
Y529,673Yazd
48%
U736,224Urmia
38%
R679,995Rasht
38%
Z587,730Zahedan
33%
B526,648Bandar Abbas
24%
H554,406Hamedan
24%
G350,676Gorgan
24%
D264,709Dezful
24%
E448,129Eslamshahr
19%
V225,628Varamin
19%
L101,073Lahijan
19%
J141,634Jahrom
14%
P236,319Pakdasht
14%
C106,739Chabahar
14%
N264,375Nishapur
10%
F181,174Fardis
5%

Score Distribution

Percentile by Number Answered

Percent of People with Each Score

Your Score History

You have not taken this quiz